000 02109cam a22002054a 4500
005 20250605164239.0
008 250528s ||||||||||||||||||||||||d
035 _a21267
020 _a9789606674327
040 _aGR-AtMCL
_bgre
_dGR-AtMCL
_eAACR2
245 1 _aΜεθοδολογία Έρευνας & Πειραματική Ψυχολογία
260 _bΠαπαδόπουλος
_bΣύγχρονη Εκδοτική,
_c2009
300 _a264
520 _aΣτόχος του Παρόντος Βιβλίου είναι να εξοικειώσει τον αναγνώστη με την πειραματική μέθοδο στα πλαίσια της επιστήμης της ψυχολογίας. Περιέχει CD-ROM. Επιστημολογία και Ψυχολογικό Πείραμα, Παραγωγή Γνώσης και Σχηματισμός Προτύπων στην Ψυχολογία, Έρευνα και Ψυχολογικό Πείραμα, Επιστημονική Έρευνα και Στάδια του Ψυχολογικού Πειράματος, Επιστημονική Απορία και Επιστημονική Υπόθεση, Πειραματικός Σχεδιασμός, Προετοιμασία του Πειράματος και Τεχνικός Εξοπλισμός, Η Διεξαγωγή του Πειράματος και τα Χαρακτηριστικά του Ερευνητή, Στατιστική Επεξεργασία των Δεδομένων, Ερμηνεία Δεδομένων και Συμπεράσματα, Θεωρία και Πράξη της Πειραματικής Ψυχολογίας, Στόχοι και Προβλήματα της Πειραματικής Ψυχολογίας, Σπουδές στην Πειραματική Ψυχολογία, Παράρτημα Ψηφιακός Δίσκος (CD), Γλωσσάριο, Βιβλιογραφία, Ευρετήριο Συγγραφέων, Ευρετήριο Όρων.
700 1 _aReiss Siegbert
_97305
700 1 _aSarris Viktor
_97306
942 _cBK
999 _c6333
_d6333